LEADER 01417nam0 22003613i 450 001 RAV0035489 005 20231121125625.0 010 $a8870781011 100 $a20000404d1988 ||||0itac50 ba 101 | $aita 102 $ait 181 1$6z01$ai $bxxxe 182 1$6z01$an 200 1 $aTeatri dell'Io$eillusione e verità sulla scena psicoanalitica$fJoyce McDougall 210 $aMilano$cR. Cortina$d[1988! 215 $aXV, 214 p.$d23 cm 225 | $aCollana di psicologia clinica e psicoterapia$v23 300 $aTrad. di I. Ripamonti. 410 0$1001CFI0120734$12001 $aCollana di psicologia clinica e psicoterapia$v23 500 10$aTheatres du Je. -$3RAV0035490$9RAVV020020$93615156 606 $aTeatri$xPsicanalisi$2FIR$3RMLC422819$9I 606 $aPsicanalisi$2FIR$3RMLC003296$9I 676 $a150. 195$9$v21 700 1$aMcDougall$b, Joyce$3RAVV020020$4070$0217341 801 3$aIT$bIT-01$c20000404 850 $aIT-RM028 $aIT-FR0017 899 $aBiblioteca Universitaria Alessandrina$bRM028 899 $aBiblioteca umanistica Giorgio Aprea$bFR0017 912 $aRAV0035489 950 0$aBiblioteca umanistica Giorgio Aprea$d 52CIS 12/1650$e 52VM 0000845845 VM barcode:00079233. - Inventario:6095 FSSVM$fA $h20100915$i20121204 977 $a 01$a 52 996 $aTheatres du Je$93615156 997 $aUNICAS